00700cam a22002054a 4500020003000000020002700030020002500057020002200082040000800104082002600112245015800138260003600296300003900332650002200371650001700393650001100410700002800421700002200449700002300471 a9781605295428 (hardcover) a1605295426 (hardcover) a9781605296777 (pbk.) a1605296775 (pbk.) cDLC00a632 ROD 2009 C151 Or.04aThe organic gardener's handbook of natural pest and disease control :ba complete guide to maintaining a healthy garden and yard the earth-friendly way / aNew York, NY :bRodale,cc2009. avii, 408 p. :bcol. ill. ;c24 cm. 0aOrganic gardening 0aHorticulture 0aPlants1 aBradley, Fern Marshall.1 aEllis, Barbara W.1 aMartin, Deborah L.